9/11 : culture, catastrophe and the critique of singularity /

Bibliographic Details
Main Author: Gonçalves, Diana (Author)
Corporate Author: ProQuest (Firm)
Format: eBook
Language:English
Published: Berlin ; Boston : Walter De Gruyter, [2016]
Series:Culture & conflict ; Bd. 9.
Subjects:
Online Access:Connect to the full text of this electronic book

MARC

Tag First Indicator Second Indicator Subfields
LEADER 00000cam a22000001i 4500
001 in00004046972
006 m |o d |
007 cr |n|||||||||
008 161220s2016 gw a ob 001 0 eng d
005 20221130133225.4
020 |a 9783110477689 (electronic bk.) 
020 |a 3110477688 (electronic bk.) 
020 |z 9783110473131 
020 |z 3110473135 
024 8 |a 99979769513 
035 |a (NhCcYBP)ebc4768921 
035 |a in00004046972 
040 |a NhCcYBP  |c NhCcYBP  |d UtOrBLW 
050 4 |a HV6432.7  |b .G655 2016 
082 0 4 |a 363.34  |2 23 
100 1 |a Gonçalves, Diana,  |e author. 
245 1 0 |a 9/11 :  |b culture, catastrophe and the critique of singularity /  |c Diana Gonçalves. 
264 1 |a Berlin ;  |a Boston :  |b Walter De Gruyter,  |c [2016] 
300 |a 1 online resource. 
336 |a text  |b txt  |2 rdacontent 
337 |a computer  |b c  |2 rdamedia 
338 |a online resource  |b cr  |2 rdacarrier 
490 1 |a Culture & conflict ;  |v volume 9 
504 |a Includes bibliographical references (pages 213-238) and index. 
588 |a Description based on print version record. 
500 |a Electronic resource. 
650 0 |a September 11 Terrorist Attacks, 2001  |x Social aspects.  |0 http://id.loc.gov/authorities/subjects/sh2010112652 
650 0 |a Catastrophical, The.  |0 http://id.loc.gov/authorities/subjects/sh85020956 
650 0 |a Disasters  |x Social aspects. 
655 7 |a Electronic books.  |2 local 
710 2 |a ProQuest (Firm)  |0 http://id.loc.gov/authorities/names/n2007068018 
776 1 8 |i Online version:  |a Gonçalves, Diana.  |t 911.  |d Berlin ; Boston : Walter de Gruyter, [2016]  |z 9783110477689  |w (DLC) 2016059442 
776 1 8 |c Original  |z 9783110473131  |z 3110473135  |w (DLC) 2016053457 
830 0 |a Culture & conflict ;  |v Bd. 9.  |0 http://id.loc.gov/authorities/names/no2012159189 
856 4 0 |u https://ebookcentral.proquest.com/lib/tamucs/detail.action?docID=4768921  |z Connect to the full text of this electronic book  |t 0 
955 |a YBP purchased DDA e-records 
980 |b 189.00  |g 1 
987 |a ybp13158348 
999 f f |s af50948d-32a9-4d01-8511-6dafffc89038  |i 52fbef07-99d3-33aa-b561-6960ecfc3787  |t 0 
952 f f |a Texas A&M University  |b College Station  |c Electronic Resources  |d Available Online  |t 0  |e HV6432.7 .G655 2016  |h Library of Congress classification 
998 f f |a HV6432.7 .G655 2016  |t 0  |l Available Online